| 000 | 00368nam a2200145Ia 4500 | ||
|---|---|---|---|
| 008 | 230917s9999||||xx |||||||||||||| ||und|| | ||
| 040 |
_e255372 _aMAIN |
||
| 041 | _aEnglish | ||
| 082 | _a181.4 T188C | ||
| 100 | _aPrasad, Shiv Nath | ||
| 245 | 0 | _aCharvak darshan ke vividh aayam. V3 | |
| 260 |
_aJaipur _bParik Publications _c2018 |
||
| 300 | _a224 p. | ||
| 942 | _cBK | ||
| 999 |
_c168748 _d168748 |
||